[Event "zonal 1.2a"]
[Site "Graz AUT"]
[Date "1993.03.??"]
[Round "1"]
[White "Bonsch, Uwe"]
[Black "Lutz, Christopher"]
[Result "0-1"]
[WhiteElo "2490"]
[BlackElo "2550"]
[EventDate "1993.03.09"]
[PlyCount "74"]

1.d4 Nf6 2.c4 e6 3.g3 Bb4+ 4.Bd2 c5 5.Bxb4 cxb4 6.Bg2 O-O 7.e4 d6 8.Ne2 e5
9.O-O Nc6 10.d5 Nb8 11.a3 Na6 12.axb4 Nxb4 13.Nbc3 Bd7 14.Qd2 a5 15.Ra3 
Qc7 16.Rfa1 Qxc4 17.Rxa5 Rxa5 18.Rxa5 Nd3 19.Nc1 Nxc1 20.Qxc1 b5 21.Qe1 b4
22.Na2 Rb8 23.Qe3 h6 24.b3 Qc2 25.h3 Qd1+ 26.Kh2 Rc8 27.Nxb4 Bxh3 28.Qf3 
Qxf3 29.Bxf3 Rc3 30.Kxh3 Rxf3 31.Nc6 Rxf2 32.Ne7+ Kh7 33.Ra4 Re2 34.b4 h5 
35.b5 Ng4 36.Kh4 Rh2+ 37.Kg5 Nh6 0-1

[Event "zonal 1.2a"]
[Site "Graz AUT"]
[Date "1993.03.??"]
[Round "1"]
[White "Grosar, Aljosa"]
[Black "Schroll, Gerhard"]
[Result "1-0"]
[WhiteElo "2480"]
[BlackElo "2420"]
[EventDate "1993.03.09"]
[PlyCount "79"]

1.e4 Nf6 2.e5 Nd5 3.d4 d6 4.Nf3 g6 5.Bc4 Nb6 6.Bb3 Bg7 7.Qe2 Nc6 8.O-O O-O
9.h3 Na5 10.Nc3 Nxb3 11.axb3 c6 12.Bf4 Re8 13.Rfe1 Be6 14.Ng5 Qd7 15.Nxe6 
Qxe6 16.exd6 exd6 17.Qxe6 Rxe6 18.Rxe6 fxe6 19.Bxd6 Bxd4 20.Re1 Re8 21.Ne4
Bxb2 22.Nc5 Nc8 23.Nxb7 Nxd6 24.Nxd6 Re7 25.Re4 e5 26.Rc4 Rc7 27.b4 a6 28.
c3 Kf8 29.Ne4 Ke7 30.Rc5 Ke6 31.f3 Bc1 32.Kf2 Bh6 33.Ra5 Ra7 34.Nc5+ Kd5 
35.Nxa6+ Kc4 36.Rc5+ Kd3 37.Rxc6 e4 38.b5 e3+ 39.Ke1 Bf4 40.Nb4# 1-0

[Event "zonal 1.2a"]
[Site "Graz AUT"]
[Date "1993.03.??"]
[Round "1"]
[White "Holzl, Franz"]
[Black "Schlosser, Philipp"]
[Result "0-1"]
[WhiteElo "2385"]
[BlackElo "2520"]
[EventDate "1993.03.09"]
[PlyCount "62"]

1.d4 Nf6 2.Nf3 e6 3.g3 b5 4.Qd3 a6 5.e4 d6 6.Bg2 Bb7 7.Bg5 Be7 8.Nbd2 Nbd7
9.O-O h6 10.Bxf6 Nxf6 11.Ne1 O-O 12.Qe2 Nd7 13.Nd3 c5 14.dxc5 dxc5 15.e5 
Bxg2 16.Kxg2 c4 17.Nf4 Nxe5 18.Rad1 Qc7 19.Rfe1 Qc6+ 20.Kh3 Bd6 21.Nh5 f5 
22.f4 g5 23.Ne4 g4+ 24.Kg2 Bb4 25.fxe5 Bxe1 26.Rd4 Bb4 27.Kg1 Rad8 28.
Nhf6+ Kf7 29.Qe3 Rxd4 30.Qxh6 Rd1+ 31.Kg2 Ke7 0-1

[Event "zonal 1.2a"]
[Site "Graz AUT"]
[Date "1993.03.??"]
[Round "1"]
[White "Lau, Ralf"]
[Black "Frick, Renato"]
[Result "1-0"]
[WhiteElo "2530"]
[BlackElo "2220"]
[EventDate "1993.03.09"]
[PlyCount "51"]

1.e4 c5 2.Nf3 d6 3.d4 cxd4 4.Nxd4 Nf6 5.Nc3 a6 6.f4 e5 7.Nf3 Nbd7 8.a4 Be7
9.Bd3 O-O 10.O-O b6 11.Kh1 Bb7 12.Qe2 Qc7 13.Bd2 Rfe8 14.Rac1 Bf8 15.Qf2 
Nc5 16.fxe5 dxe5 17.Bg5 Nxd3 18.cxd3 Nd7 19.Qg3 Qd6 20.Nh4 Qe6 21.Rf3 Kh8 
22.Rcf1 f6 23.Be3 Bc5 24.Nf5 Rg8 25.Qh4 g6 26.Qxh7+ 1-0

[Event "zonal 1.2a"]
[Site "Graz AUT"]
[Date "1993.03.??"]
[Round "1"]
[White "Wirthensohn, Heinz"]
[Black "Zuger, Beat"]
[Result "1/2-1/2"]
[WhiteElo "2400"]
[BlackElo "2415"]
[EventDate "1993.03.09"]
[PlyCount "27"]

1.Nf3 Nf6 2.g3 g6 3.b3 Bg7 4.Bb2 O-O 5.Bg2 d5 6.c4 c6 7.O-O Bg4 8.d3 Bxf3 
9.Bxf3 Nbd7 10.Nd2 e6 11.b4 Ne8 12.Qc2 Bxb2 13.Qxb2 Qf6 14.Rab1 1/2-1/2

[Event "zonal 1.2a"]
[Site "Graz AUT"]
[Date "1993.03.??"]
[Round "2"]
[White "Frick, Renato"]
[Black "Grosar, Aljosa"]
[Result "0-1"]
[WhiteElo "2220"]
[BlackElo "2480"]
[EventDate "1993.03.09"]
[PlyCount "88"]

1.e4 c5 2.Nf3 d6 3.d4 cxd4 4.Nxd4 Nf6 5.Nc3 Nc6 6.Bg5 e6 7.Qd2 a6 8.O-O-O 
Bd7 9.Be2 b5 10.Nxc6 Bxc6 11.Qe3 Be7 12.e5 Nd5 13.Nxd5 Bxg5 14.f4 Bxd5 15.
fxg5 O-O 16.Bf3 Bxf3 17.gxf3 d5 18.h4 Rc8 19.Rh2 Rc4 20.Kb1 Qc7 21.h5 Rc8 
22.Rdd2 Qc5 23.Qe1 Rf4 24.Rd3 b4 25.Rhd2 Rc4 26.Qd1 Rh4 27.g6 hxg6 28.hxg6
fxg6 29.Rg2 Kf7 30.Qe1 Rch8 31.Rd1 a5 32.Qg3 R8h6 33.Rdg1 Rh1 34.Qg5 Qd4 
35.Qc1 Rxg1 36.Rxg1 Qxe5 37.Re1 Qf5 38.Qe3 Rh2 39.Qa7+ Kf6 40.Qc7 Rh8 41.
f4 Qe4 42.Rc1 a4 43.Qa5 Rh1 44.Qd8+ Kf7 0-1

[Event "zonal 1.2a"]
[Site "Graz AUT"]
[Date "1993.03.??"]
[Round "2"]
[White "Gostisa, Leon"]
[Black "Lau, Ralf"]
[Result "1/2-1/2"]
[WhiteElo "2460"]
[BlackElo "2530"]
[EventDate "1993.03.09"]
[PlyCount "30"]

1.d4 Nf6 2.Nf3 e6 3.c4 b6 4.Nc3 Bb7 5.Bg5 Be7 6.e3 h6 7.Bh4 Ne4 8.Bxe7 
Qxe7 9.Nxe4 Bxe4 10.Be2 O-O 11.O-O d6 12.Qb3 Nd7 13.Rfd1 Bb7 14.Rac1 Rfd8 
15.h3 c5 1/2-1/2

[Event "zonal 1.2a"]
[Site "Graz AUT"]
[Date "1993.03.??"]
[Round "2"]
[White "Holzl, Franz"]
[Black "Wirthensohn, Heinz"]
[Result "1/2-1/2"]
[WhiteElo "2385"]
[BlackElo "2400"]
[EventDate "1993.03.09"]
[PlyCount "59"]

1.c4 e5 2.g3 Nf6 3.Bg2 d5 4.cxd5 Nxd5 5.Nf3 Nc6 6.O-O Nb6 7.a3 Be7 8.d3 
O-O 9.Nbd2 Re8 10.b4 Bf8 11.Qc2 a5 12.b5 Nd4 13.Nxd4 Qxd4 14.Rb1 Qc5 15.
Rb2 Qxa3 16.Qxc7 Qc5 17.Qxc5 Bxc5 18.Rc2 Bb4 19.Bb2 Rb8 20.Bc3 Bxc3 21.
Rxc3 Bg4 22.e3 Red8 23.Ra1 Nd5 24.Rc4 Be2 25.Ra3 Nb4 26.Rxa5 Nxd3 27.Rc7 
Ne1 28.Rxb7 Nxg2 29.Rxb8 Rxb8 30.Kxg2 1/2-1/2

[Event "zonal 1.2a"]
[Site "Graz AUT"]
[Date "1993.03.??"]
[Round "2"]
[White "Schlosser, Philipp"]
[Black "Wach, Markus"]
[Result "1/2-1/2"]
[WhiteElo "2520"]
[BlackElo "2330"]
[EventDate "1993.03.09"]
[PlyCount "51"]

1.d4 f5 2.Nf3 Nf6 3.c4 e6 4.g3 b6 5.Bg2 Bb7 6.O-O Be7 7.d5 O-O 8.Nd4 Qc8 
9.Nc3 Na6 10.Bf4 Nc5 11.Ncb5 Ne8 12.Rc1 Bf6 13.b4 Ne4 14.f3 Ng5 15.e4 fxe4
16.fxe4 e5 17.Bxg5 Bxg5 18.Nf5 Qd8 19.d6 g6 20.dxc7 Nxc7 21.Nfd6 Rxf1+ 22.
Qxf1 Nxb5 23.cxb5 Be3+ 24.Kh1 Bxc1 25.Qxc1 Rc8 26.Nxc8 1/2-1/2

[Event "zonal 1.2a"]
[Site "Graz AUT"]
[Date "1993.03.??"]
[Round "2"]
[White "Schroll, Gerhard"]
[Black "Lendwai, Reinhard"]
[Result "1-0"]
[WhiteElo "2420"]
[BlackElo "2410"]
[EventDate "1993.03.09"]
[PlyCount "209"]

1.c4 Nf6 2.Nf3 c5 3.Nc3 Nc6 4.d4 cxd4 5.Nxd4 g6 6.e4 Bg7 7.Be3 O-O 8.Be2 
d6 9.Qd2 Bd7 10.O-O a6 11.f3 Rc8 12.Rac1 Re8 13.Rfd1 Ne5 14.b3 Bc6 15.Nxc6
Nxc6 16.Nd5 Nd7 17.Qe1 e5 18.Bf1 Nc5 19.g3 f5 20.exf5 gxf5 21.Bh3 Rf8 22.
Qf2 Ne6 23.Qc2 e4 24.fxe4 Ned4 25.Qg2 Qe8 26.exf5 Nxf5 27.Bf4 Qg6 28.Re1 
Rce8 29.Bxf5 Qxf5 30.Bxd6 Bd4+ 31.Kh1 Rxe1+ 32.Rxe1 Qf2 33.Qe4 Rf5 34.g4 
Rf7 35.Qe2 Qh4 36.Bg3 Qh3 37.Nf4 Qh6 38.g5 Qd6 39.Qe8+ Rf8 40.Qe6+ Qxe6 
41.Nxe6 Rf5 42.Nxd4 Nxd4 43.Re4 Nc6 44.h4 Nb4 45.Rf4 Re5 46.Rf2 Re3 47.Kg2
a5 48.Rd2 Nc6 49.Kh3 a4 50.bxa4 Rc3 51.Rd7 Rxc4 52.Rxb7 Rxa4 53.Rb2 Nd4 
54.Rf2 Ne6 55.Bd6 Rd4 56.Be5 Re4 57.Bd6 Rd4 58.Bg3 Ra4 59.Rf6 Nf8 60.a3 
Nd7 61.Rf3 Ra6 62.Be1 Ne5 63.Rb3 Kf7 64.Bc3 Nd7 65.Bb4 Ne5 66.Re3 Nc4 67.
Rf3+ Kg6 68.Be7 Ra7 69.Rf6+ Kg7 70.Bc5 Ra8 71.Rf3 Kg6 72.Rc3 Ne5 73.Bd4 
Nd7 74.Rd3 Ra6 75.Bb2 Nf8 76.Rf3 Nd7 77.Kg4 h5+ 78.gxh6 Kxh6 79.Rf4 Rg6+ 
80.Kh3 Ra6 81.Rc4 Re6 82.Bd4 Kh5 83.Rb4 Re4 84.Bf2 Re2 85.Rb5+ Kh6 86.Rf5 
Ra2 87.Be3+ Kg6 88.Rg5+ Kf7 89.Ra5 Rc2 90.Kg4 Rc4+ 91.Bf4 Rc6 92.Kf5 Rf6+ 
93.Ke4 Re6+ 94.Kd4 Re1 95.Bg5 Nf8 96.Rf5+ Kg8 97.Rf3 Ne6+ 98.Kc4 Ra1 99.
Bf6 Re1 100.a4 Re2 101.a5 Ra2 102.Bc3 Nd8 103.Rf6 Ra4+ 104.Bb4 Kg7 105.Rb6
1-0

[Event "zonal 1.2a"]
[Site "Graz AUT"]
[Date "1993.03.??"]
[Round "2"]
[White "Zuger, Beat"]
[Black "Bonsch, Uwe"]
[Result "1/2-1/2"]
[WhiteElo "2415"]
[BlackElo "2490"]
[EventDate "1993.03.09"]
[PlyCount "101"]

1.d4 Nf6 2.c4 e6 3.Nf3 d5 4.Nc3 Be7 5.Bg5 O-O 6.e3 h6 7.Bh4 b6 8.Rc1 Bb7 
9.Bxf6 Bxf6 10.cxd5 exd5 11.Bd3 Nd7 12.O-O c5 13.Bb1 a6 14.Qc2 g6 15.Rfd1 
Rc8 16.a4 Bg7 17.Ba2 cxd4 18.exd4 Nf6 19.Qb3 Qd6 20.Ne5 Rc7 21.Re1 Rfc8 
22.Rcd1 Bf8 23.f3 Qb4 24.Ng4 Nxg4 25.fxg4 Rd8 26.Re5 Qxb3 27.Bxb3 Bg7 28.
Re2 Kf8 29.Kf2 Re7 30.Rxe7 Kxe7 31.h3 Kd6 32.Rd2 Re8 33.Rd1 Bc6 34.Bc2 Bf6
35.Ne2 Bg5 36.b3 b5 37.axb5 axb5 38.Bd3 b4 39.g3 Ra8 40.h4 Bf6 41.Ke3 Bd8 
42.Rf1 Be8 43.Nc1 Bc7 44.Be2 Ra3 45.Bd1 Ke6 46.Rg1 Bd6 47.Nd3 Kf6 48.Rg2 
Bb5 49.Nf4 Bc4 50.Rb2 g5 51.Nh5+ 1/2-1/2

[Event "zonal 1.2a"]
[Site "Graz AUT"]
[Date "1993.03.??"]
[Round "3"]
[White "Bonsch, Uwe"]
[Black "Holzl, Franz"]
[Result "1-0"]
[WhiteElo "2490"]
[BlackElo "2385"]
[EventDate "1993.03.09"]
[PlyCount "91"]

1.d4 Nf6 2.c4 e6 3.Nf3 d5 4.Nc3 dxc4 5.e3 c5 6.Bxc4 a6 7.dxc5 Qc7 8.b4 b6 
9.O-O bxc5 10.b5 a5 11.b6 Qxb6 12.Rb1 Qd8 13.Qxd8+ Kxd8 14.Ne5 Ke8 15.Na4 
Nfd7 16.Bb5 Ke7 17.Nc4 Ba6 18.Rd1 Ra7 19.e4 Rb7 20.Nc3 Bxb5 21.Nxa5 Rb6 
22.Nxb5 Nc6 23.Nc4 Rb8 24.Be3 f6 25.Na7 Nxa7 26.Rxb8 Nxb8 27.Bxc5+ Kf7 28.
Bxa7 Nc6 29.Bb6 Be7 30.a4 Rc8 31.g3 Nb4 32.Nd6+ Bxd6 33.Rxd6 Ke7 34.Rd4 
Rc1+ 35.Kg2 Nc6 36.Rd3 Rc4 37.Ra3 Nb8 38.a5 Na6 39.Kf3 Kd6 40.Rd3+ Kc6 41.
Rd8 Nc5 42.Rc8+ Kb5 43.Rxc5+ Rxc5 44.Bxc5 Kxc5 45.Ke3 e5 46.f4 1-0

[Event "zonal 1.2a"]
[Site "Graz AUT"]
[Date "1993.03.??"]
[Round "3"]
[White "Grosar, Aljosa"]
[Black "Gostisa, Leon"]
[Result "1/2-1/2"]
[WhiteElo "2480"]
[BlackElo "2460"]
[EventDate "1993.03.09"]
[PlyCount "35"]

1.e4 e5 2.Nf3 Nc6 3.d4 exd4 4.Nxd4 Nf6 5.Nxc6 bxc6 6.e5 Qe7 7.Qe2 Nd5 8.c4
Nb6 9.Nd2 d6 10.exd6 cxd6 11.b3 Bg4 12.f3 Be6 13.Bb2 d5 14.cxd5 Nxd5 15.
Qe4 Bf5 16.Qxe7+ Bxe7 17.O-O-O O-O 18.Ne4 1/2-1/2

[Event "zonal 1.2a"]
[Site "Graz AUT"]
[Date "1993.03.??"]
[Round "3"]
[White "Lendwai, Reinhard"]
[Black "Frick, Renato"]
[Result "1-0"]
[WhiteElo "2410"]
[BlackElo "2220"]
[EventDate "1993.03.09"]
[PlyCount "99"]

1.e4 e6 2.d4 d5 3.Nc3 Bb4 4.e5 c5 5.a3 Bxc3+ 6.bxc3 Ne7 7.Nf3 Nbc6 8.Be2 
Qa5 9.Bd2 Bd7 10.O-O c4 11.Re1 O-O-O 12.a4 f6 13.exf6 gxf6 14.Bf1 Ng6 15.
Bh6 Rhg8 16.Qd2 e5 17.dxe5 Ngxe5 18.Re3 Ng4 19.Bf4 Nxe3 20.Qxe3 Rde8 21.
Qd2 Ne5 22.Nd4 h5 23.g3 h4 24.Bg2 h3 25.Bh1 Re7 26.Rb1 Rge8 27.Kf1 a6 28.
Ne2 Bg4 29.Nd4 Bd7 30.Ne2 Bc6 31.Nd4 Qc7 32.a5 Qxa5 33.Nf5 Re6 34.Ng7 Ng4 
35.Nxe8 Rxe8 36.Qd4 Nxh2+ 37.Kg1 Ng4 38.Qa7 Kd7 39.Bf3 h2+ 40.Kg2 Qxc3 41.
Bxg4+ f5 42.Bxf5+ Ke7 43.Rxb7+ Bxb7 44.Qxb7+ Kf6 45.Qc6+ Kxf5 46.Qxe8 
h1=Q+ 47.Kxh1 Qxc2 48.Qf7+ Kg4 49.f3+ Kxf3 50.Qh5+ 1-0

[Event "zonal 1.2a"]
[Site "Graz AUT"]
[Date "1993.03.??"]
[Round "3"]
[White "Lobron, Eric"]
[Black "Zuger, Beat"]
[Result "1-0"]
[WhiteElo "2620"]
[BlackElo "2415"]
[EventDate "1993.03.09"]
[PlyCount "83"]

1.d4 Nf6 2.c4 g6 3.Nc3 Bg7 4.e4 d6 5.Be2 O-O 6.Nf3 Bg4 7.Be3 Nfd7 8.h4 
Bxf3 9.Bxf3 c5 10.d5 b5 11.Nxb5 Bxb2 12.Rb1 Bf6 13.Kf1 Nb6 14.Be2 a6 15.
Na3 N8d7 16.g3 Qc7 17.Kg2 Rfb8 18.Bd2 Qd8 19.Qc2 Qe8 20.Rb3 e6 21.Ba5 Bd8 
22.dxe6 fxe6 23.h5 Ne5 24.hxg6 Qxg6 25.Bh5 Qg7 26.Rhb1 Nc6 27.Bxb6 Nd4 28.
Qd1 Nxb3 29.Bxd8 Rxd8 30.Rxb3 Qe5 31.f4 Qf6 32.Nc2 Ra7 33.Ne3 Kh8 34.Ng4 
Qd4 35.Qxd4+ cxd4 36.Rd3 Rb8 37.Rxd4 Rb2+ 38.Kh3 Rxa2 39.Rxd6 a5 40.Rd8+ 
Kg7 41.f5 exf5 42.exf5 1-0

[Event "zonal 1.2a"]
[Site "Graz AUT"]
[Date "1993.03.??"]
[Round "3"]
[White "Wach, Markus"]
[Black "Schroll, Gerhard"]
[Result "1/2-1/2"]
[WhiteElo "2330"]
[BlackElo "2420"]
[EventDate "1993.03.09"]
[PlyCount "62"]

1.e4 e6 2.d4 d5 3.Nc3 Bb4 4.e5 c5 5.a3 Bxc3+ 6.bxc3 Nc6 7.Nf3 Nge7 8.a4 
Qa5 9.Qd2 cxd4 10.cxd4 b6 11.Bd3 Nf5 12.Bb5 Qxd2+ 13.Bxd2 Bd7 14.Bc3 f6 
15.Kd2 fxe5 16.dxe5 Rc8 17.g4 Nfe7 18.Bd3 O-O 19.Ke2 d4 20.Bd2 Nd5 21.Be4 
Nf4+ 22.Kf1 Be8 23.Rg1 Bg6 24.Bxc6 Rxc6 25.Nxd4 Rc4 26.Bxf4 Rxd4 27.Be3 
Rc4 28.a5 bxa5 29.Rxa5 Rxc2 30.Kg2 Be4+ 31.Kh3 Rc7 1/2-1/2

[Event "zonal 1.2a"]
[Site "Graz AUT"]
[Date "1993.03.??"]
[Round "3"]
[White "Wirthensohn, Heinz"]
[Black "Schlosser, Philipp"]
[Result "1/2-1/2"]
[WhiteElo "2400"]
[BlackElo "2520"]
[EventDate "1993.03.09"]
[PlyCount "38"]

1.d4 d5 2.Nf3 Nf6 3.c4 e6 4.Nc3 c6 5.g3 dxc4 6.Bg2 Nbd7 7.O-O Be7 8.a4 O-O
9.e4 e5 10.dxe5 Ng4 11.Bf4 Qa5 12.e6 fxe6 13.e5 Nb6 14.Qe2 Nd5 15.Bd2 Qb6 
16.Rab1 Bd7 17.Qxc4 Rxf3 18.Qxg4 Rf5 19.a5 Qb3 1/2-1/2

[Event "zonal 1.2a"]
[Site "Graz AUT"]
[Date "1993.03.??"]
[Round "4"]
[White "Frick, Renato"]
[Black "Wach, Markus"]
[Result "0-1"]
[WhiteElo "2220"]
[BlackElo "2330"]
[EventDate "1993.03.09"]
[PlyCount "70"]

1.e4 e6 2.d4 d5 3.Nc3 Nf6 4.e5 Nfd7 5.f4 c5 6.Nf3 Nc6 7.Be3 Qb6 8.Rb1 cxd4
9.Bxd4 Nxd4 10.Nxd4 a6 11.Qd2 Nb8 12.Bd3 Nc6 13.Nce2 Bd7 14.c3 f6 15.Nxc6 
bxc6 16.b4 a5 17.a3 axb4 18.axb4 Be7 19.Nd4 fxe5 20.fxe5 O-O 21.Rf1 Rxf1+ 
22.Kxf1 Rf8+ 23.Kg1 Qd8 24.Qc2 h6 25.Qe2 Bg5 26.Bc2 Bf4 27.Re1 Qh4 28.Nf3 
Qg4 29.Rf1 Be8 30.Qd3 Bh5 31.Nd4 Bg6 32.Qd1 Be3+ 33.Kh1 Qxd1 34.Rxd1 Bxd4 
35.Bxg6 Bxc3 0-1

[Event "zonal 1.2a"]
[Site "Graz AUT"]
[Date "1993.03.??"]
[Round "4"]
[White "Holzl, Franz"]
[Black "Lobron, Eric"]
[Result "0-1"]
[WhiteElo "2385"]
[BlackElo "2620"]
[EventDate "1993.03.09"]
[PlyCount "74"]

1.e4 c5 2.Nf3 d6 3.d4 cxd4 4.Nxd4 Nf6 5.Nc3 Nc6 6.Be2 e5 7.Nf3 Be7 8.O-O 
h6 9.Re1 O-O 10.Bf1 Bg4 11.h3 Bh5 12.g4 Bg6 13.Bc4 Na5 14.Bb3 Nxb3 15.axb3
a6 16.Qd3 Rc8 17.Ra4 Bh7 18.Rc4 b5 19.Rxc8 Qxc8 20.b4 Rd8 21.Qe3 Rd7 22.
Bd2 Rc7 23.Ra1 Qb7 24.g5 hxg5 25.Nxg5 Bg6 26.Kh2 Rc4 27.Rg1 Rxb4 28.b3 Rd4
29.f3 d5 30.Ne6 dxe4 31.Nxd4 exd4 32.Qxd4 Qc7+ 33.f4 Bc5 34.Qe5 Bd6 35.Qg5
e3 36.Be1 Bxf4+ 37.Bg3 Bxg3+ 0-1

[Event "zonal 1.2a"]
[Site "Graz AUT"]
[Date "1993.03.??"]
[Round "4"]
[White "Lutz, Christopher"]
[Black "Grosar, Aljosa"]
[Result "1/2-1/2"]
[WhiteElo "2550"]
[BlackElo "2480"]
[EventDate "1993.03.09"]
[PlyCount "81"]

1.d4 Nf6 2.c4 e6 3.Nf3 b6 4.g3 Ba6 5.b3 Bb4+ 6.Bd2 Be7 7.Bg2 Bb7 8.O-O O-O
9.Nc3 d5 10.cxd5 exd5 11.Qc2 Na6 12.Rfd1 Qc8 13.Nh4 Re8 14.a3 c5 15.Nf5 
Bf8 16.dxc5 bxc5 17.Bg5 Re5 18.Nh6+ gxh6 19.Bxf6 Re6 20.Qf5 Rb6 21.Qf4 Nc7
22.Nxd5 Nxd5 23.Bxd5 Bxd5 24.Rxd5 Rxf6 25.Qxf6 Bg7 26.Qf3 Bxa1 27.Rf5 f6 
28.Rxc5 Qxc5 29.Qxa8+ Kg7 30.Qb7+ Kg8 31.Qa8+ Kf7 32.Qe4 f5 33.Qb7+ Qe7 
34.Qd5+ Kg6 35.Qg8+ Bg7 36.Qc4 h5 37.Qa6+ Bf6 38.h4 Qc5 39.e3 Kg7 40.b4 
Qb6 41.Qc8 1/2-1/2

[Event "zonal 1.2a"]
[Site "Graz AUT"]
[Date "1993.03.??"]
[Round "4"]
[White "Schlosser, Philipp"]
[Black "Schroll, Gerhard"]
[Result "1-0"]
[WhiteElo "2520"]
[BlackElo "2420"]
[EventDate "1993.03.09"]
[PlyCount "43"]

1.d4 Nf6 2.Nf3 e6 3.g3 c5 4.Bg2 cxd4 5.Nxd4 d5 6.O-O e5 7.Nb3 Nc6 8.Bg5 
Be6 9.Nc3 d4 10.Ne4 Be7 11.Nec5 Bxb3 12.Nxb7 Qb6 13.cxb3 Rc8 14.Rc1 O-O 
15.Bxf6 gxf6 16.Qc2 d3 17.Qxd3 Qxb7 18.Qf5 Rfd8 19.Rc4 Kf8 20.Qxh7 Ke8 21.
Rfc1 Rd6 22.Qc2 1-0

[Event "zonal 1.2a"]
[Site "Graz AUT"]
[Date "1993.03.??"]
[Round "4"]
[White "Wirthensohn, Heinz"]
[Black "Bonsch, Uwe"]
[Result "1/2-1/2"]
[WhiteElo "2400"]
[BlackElo "2490"]
[EventDate "1993.03.09"]
[PlyCount "76"]

1.d4 Nf6 2.Nf3 d5 3.c4 e6 4.Nc3 Be7 5.g3 dxc4 6.Bg2 Nbd7 7.O-O O-O 8.e4 c5
9.Bf4 cxd4 10.Qxd4 e5 11.Nxe5 Nxe5 12.Bxe5 Qxd4 13.Bxd4 Rd8 14.Be3 Be6 15.
h3 Nd7 16.f4 f6 17.Nb5 Bc5 18.Bxc5 Nxc5 19.Nc7 Rac8 20.Nxe6 Nxe6 21.Rfd1 
b5 22.e5 Nd4 23.exf6 gxf6 24.Bf1 Nc2 25.Rac1 Rxd1 26.Rxd1 Ne3 27.Re1 Nxf1 
28.Kxf1 Kf7 29.Rd1 Ke6 30.Re1+ Kd5 31.Re7 b4 32.Ke2 c3 33.bxc3 Rxc3 34.
Rxa7 Rxg3 35.Rxh7 Ra3 36.Rb7 Rxh3 37.Rxb4 Ra3 38.Rb3 Rxa2+ 1/2-1/2

[Event "zonal 1.2a"]
[Site "Graz AUT"]
[Date "1993.03.??"]
[Round "4"]
[White "Zuger, Beat"]
[Black "Lau, Ralf"]
[Result "1/2-1/2"]
[WhiteElo "2415"]
[BlackElo "2530"]
[EventDate "1993.03.09"]
[PlyCount "29"]

1.d4 d6 2.Nf3 Bg4 3.e3 e6 4.c4 Nd7 5.Nc3 Be7 6.Be2 c6 7.O-O a6 8.b3 Ngf6 
9.Bb2 d5 10.Nd2 Bxe2 11.Qxe2 O-O 12.e4 dxe4 13.Ncxe4 Nxe4 14.Nxe4 Nf6 15.
Rfd1 1/2-1/2

[Event "zonal 1.2a"]
[Site "Graz AUT"]
[Date "1993.03.??"]
[Round "5"]
[White "Bonsch, Uwe"]
[Black "Schlosser, Philipp"]
[Result "1/2-1/2"]
[WhiteElo "2490"]
[BlackElo "2520"]
[EventDate "1993.03.09"]
[PlyCount "38"]

1.d4 Nf6 2.c4 e6 3.Nf3 d5 4.cxd5 exd5 5.Nc3 Nbd7 6.Bf4 c6 7.e3 Be7 8.Bd3 
Nh5 9.Be5 Nxe5 10.Nxe5 g6 11.O-O O-O 12.h3 Bd6 13.Nf3 Qe7 14.e4 dxe4 15.
Bxe4 Nf6 16.Bc2 Bc7 17.Re1 Qd6 18.Bb3 Bd7 19.Qd2 Rae8 1/2-1/2

[Event "zonal 1.2a"]
[Site "Graz AUT"]
[Date "1993.03.??"]
[Round "5"]
[White "Grosar, Aljosa"]
[Black "Zuger, Beat"]
[Result "1/2-1/2"]
[WhiteElo "2480"]
[BlackElo "2415"]
[EventDate "1993.03.09"]
[PlyCount "114"]

1.e4 e6 2.d4 d5 3.e5 c5 4.c3 Nc6 5.Nf3 Bd7 6.dxc5 Bxc5 7.b4 Bb6 8.b5 Na5 
9.Bd3 Rc8 10.O-O Nc4 11.a4 Ne7 12.Re1 Ng6 13.Nbd2 Na5 14.Bb2 Nh4 15.Nxh4 
Qxh4 16.Qe2 O-O 17.Nf3 Qh5 18.h3 f6 19.exf6 gxf6 20.Rad1 e5 21.Nh2 Qxe2 
22.Rxe2 Be6 23.Ng4 e4 24.Bb1 Nc4 25.Ba2 f5 26.Ne3 Nxb2 27.Rxb2 Bxe3 28.
fxe3 Rxc3 29.b6 axb6 30.Rxb6 Bf7 31.Bxd5 Bxd5 32.Rxd5 Rf7 33.Rbb5 Rxe3 34.
Rxf5 Rxf5 35.Rxf5 Ra3 36.a5 e3 37.Kf1 Ra2 38.g4 Kg7 39.Rb5 e2+ 40.Ke1 Kg6 
41.h4 Kf6 42.Rxb7 h6 43.Rb6+ Ke5 44.Rxh6 Kf4 45.g5 Kf3 46.Rf6+ Ke3 47.Re6+
Kf3 48.g6 Rxa5 49.Kd2 Ra2+ 50.Kd3 Ra3+ 51.Kd2 Ra2+ 52.Kc3 Ra3+ 53.Kd4 Ra4+
54.Kd3 Ra3+ 55.Kd2 Ra2+ 56.Kc3 Ra3+ 57.Kd2 Ra2+ 1/2-1/2

[Event "zonal 1.2a"]
[Site "Graz AUT"]
[Date "1993.03.??"]
[Round "5"]
[White "Lau, Ralf"]
[Black "Holzl, Franz"]
[Result "1-0"]
[WhiteElo "2530"]
[BlackElo "2385"]
[EventDate "1993.03.09"]
[PlyCount "79"]

1.e4 c5 2.Nf3 d6 3.d4 cxd4 4.Nxd4 Nf6 5.Nc3 a6 6.f4 e5 7.Nf3 Nbd7 8.a4 Be7
9.Bd3 O-O 10.O-O Nc5 11.Qe1 Bg4 12.Kh1 exf4 13.Bxf4 Rc8 14.Qg3 Bh5 15.Rae1
Bg6 16.Bg5 Re8 17.Qh3 Qd7 18.Qxd7 Ncxd7 19.Nd4 Bf8 20.Nf5 h6 21.Nxh6+ gxh6
22.Bxf6 Nxf6 23.Rxf6 Re6 24.Nd5 Rc5 25.b4 Rxd5 26.Rxe6 Rd4 27.Re8 Rxb4 28.
Rb8 a5 29.g3 Rxa4 30.e5 Bxd3 31.cxd3 dxe5 32.Rxe5 Kg7 33.Rxb7 Kg6 34.Rb6+ 
f6 35.h4 h5 36.Rg5+ Kf7 37.Rxh5 Ra2 38.Rf5 Be7 39.h5 a4 40.Ra5 1-0

[Event "zonal 1.2a"]
[Site "Graz AUT"]
[Date "1993.03.??"]
[Round "5"]
[White "Lendwai, Reinhard"]
[Black "Lutz, Christopher"]
[Result "0-1"]
[WhiteElo "2410"]
[BlackElo "2550"]
[EventDate "1993.03.09"]
[PlyCount "88"]

1.e4 c5 2.d4 cxd4 3.c3 dxc3 4.Nxc3 Nc6 5.Nf3 d6 6.Bc4 a6 7.O-O Nf6 8.Bg5 
e6 9.Qe2 h6 10.Bh4 g5 11.Bg3 Nh5 12.Rad1 Nxg3 13.hxg3 Qf6 14.Nh2 Be7 15.f4
gxf4 16.gxf4 Qg7 17.Kh1 Bd7 18.Qe3 Rc8 19.Be2 Rg8 20.g4 Nd8 21.Bf3 Bc6 22.
Rfe1 e5 23.Nd5 Ne6 24.f5 Nd4 25.Rf1 Qg5 26.Qc3 Bd7 27.Qb4 Rc2 28.Bg2 Bc6 
29.f6 Bf8 30.Qb6 Qh4 31.Rxd4 exd4 32.Qc7 Bxd5 33.Qxc2 Bc6 34.Qe2 Qg5 35.
Qf3 Qe5 36.Re1 Rg6 37.Rf1 Kd7 38.a3 Kc7 39.Qb3 Rxf6 40.Nf3 Qe6 41.Qxe6 
fxe6 42.Nxd4 Rxf1+ 43.Bxf1 Bxe4+ 44.Kh2 Kd7 0-1

[Event "zonal 1.2a"]
[Site "Graz AUT"]
[Date "1993.03.??"]
[Round "5"]
[White "Lobron, Eric"]
[Black "Wirthensohn, Heinz"]
[Result "1-0"]
[WhiteElo "2620"]
[BlackElo "2400"]
[EventDate "1993.03.09"]
[PlyCount "115"]

1.c4 e5 2.g3 Nf6 3.Bg2 d5 4.cxd5 Nxd5 5.Nc3 Nb6 6.Nf3 Nc6 7.a3 Be6 8.d3 
Be7 9.O-O O-O 10.b4 f5 11.Bb2 Bf6 12.Nd2 Bf7 13.Rb1 Rb8 14.Ba1 Nd4 15.a4 
c6 16.b5 cxb5 17.Nxb5 Nxb5 18.Rxb5 Be8 19.Ra5 a6 20.Bc3 Nd7 21.Qa1 Bf7 22.
Bd5 e4 23.Bxf7+ Rxf7 24.Rd5 exd3 25.Rxd3 Rc8 26.Nf3 Rxc3 27.Rxc3 Qe8 28.
Rd1 Bxc3 29.Qxc3 h6 30.e3 Qe6 31.Rc1 Qe4 32.Nd4 Ne5 33.Qb3 Kh7 34.Rc8 Re7 
35.h4 Nf3+ 36.Nxf3 Qxf3 37.Qg8+ Kg6 38.Rd8 Qc6 39.a5 f4 40.gxf4 Kh5 41.Qf8
Qg6+ 42.Kh2 Qc2 43.Kh3 Qe4 44.Kg3 Qg6+ 45.Kh2 Qc2 46.Kg2 Qg6+ 47.Kf1 Qb1+ 
48.Ke2 Qc2+ 49.Rd2 Qc4+ 50.Kf3 Qe6 51.Kg2 Rc7 52.Kh2 Kxh4 53.Qd8+ Qe7 54.
Qd5 g5 55.Qf3 Qe6 56.Rd4 Rc4 57.Rxc4 Qxc4 58.Qh3# 1-0

[Event "zonal 1.2a"]
[Site "Graz AUT"]
[Date "1993.03.??"]
[Round "5"]
[White "Schroll, Gerhard"]
[Black "Frick, Renato"]
[Result "1-0"]
[WhiteElo "2420"]
[BlackElo "2220"]
[EventDate "1993.03.09"]
[PlyCount "63"]

1.d4 Nf6 2.c4 g6 3.Nf3 Bg7 4.Nc3 d6 5.g3 O-O 6.Bg2 Nc6 7.O-O e5 8.h3 Nh5 
9.dxe5 Nxe5 10.Nxe5 Bxe5 11.Bh6 Re8 12.Qd2 Bxc3 13.Qxc3 Qf6 14.Qxf6 Nxf6 
15.Rfe1 Ne4 16.Rad1 f5 17.Rd4 b6 18.g4 Bb7 19.gxf5 gxf5 20.f3 Nc5 21.Kf2 
Re6 22.Bc1 Rf6 23.h4 h6 24.Bh3 Kh7 25.b4 Ne6 26.Rdd1 Re8 27.Bb2 Rf7 28.Rg1
a5 29.bxa5 bxa5 30.Rg2 Ree7 31.Rdg1 Bc8 32.Rg7+ 1-0

[Event "zonal 1.2a"]
[Site "Graz AUT"]
[Date "1993.03.??"]
[Round "5"]
[White "Wach, Markus"]
[Black "Gostisa, Leon"]
[Result "0-1"]
[WhiteElo "2330"]
[BlackElo "2460"]
[EventDate "1993.03.09"]
[PlyCount "120"]

1.e4 c5 2.c3 d6 3.d4 Nf6 4.Bd3 g6 5.h3 Bg7 6.Nf3 O-O 7.O-O a6 8.Re1 Qc7 9.
Nbd2 Rd8 10.Nf1 e5 11.dxe5 dxe5 12.Qe2 b5 13.Ng3 c4 14.Bc2 Nbd7 15.Bg5 Nc5
16.Rad1 Bb7 17.Nh2 Ne6 18.Bc1 h5 19.Ngf1 Nf4 20.Qf3 Rxd1 21.Rxd1 Re8 22.
Ng3 Nd3 23.Bxd3 cxd3 24.Bg5 Nh7 25.Bc1 h4 26.Ngf1 Nf6 27.Qxd3 Nxe4 28.Qd7 
Qxd7 29.Rxd7 Nc5 30.Rd1 e4 31.Bg5 Nd3 32.Rd2 b4 33.Ng4 bxc3 34.bxc3 Re6 
35.Rc2 f6 36.Bd2 Bc6 37.Bh6 Bh8 38.c4 Ba4 39.Rc3 f5 40.Ra3 Nc5 41.Be3 Bb2 
42.Bxc5 Bxa3 43.Bxa3 fxg4 44.hxg4 Rb6 45.Nd2 Bc2 46.Be7 Re6 47.Bxh4 e3 48.
fxe3 Rxe3 49.c5 Ra3 50.Bd8 Ba4 51.Nc4 Rxa2 52.Na5 Rc2 53.Bb6 Bd7 54.g5 Kf7
55.Kh2 Ke6 56.Nb3 Kd5 57.Na5 Rxc5 58.Bxc5 Kxc5 59.Nb3+ Kb4 60.Nd4 a5 0-1